Open World 2 Unit 1 (At the airport) - Statistiken

Allgemein
  • Dieses Quiz wurde 63 mal gespielt
  • Das Durchschnittsergebnis liegt bei 9 aus 23
Antwortstatistiken
Hint Antwort % Korrekt
a journey in an aircraft flight
78%
all the cases and bags that you take with you when you travel baggage
67%
the document you need to enter an airplane boarding pass
67%
a person who is travelling in a vehicle but is not driving or flying it passenger
56%
a flat, horizontal structure that sticks out from the side of an aircraft and supports it when it’s flying wing
56%
a company that provides regular flights to places airline
44%
the place where airplanes take off and land airport
44%
to decide that an organized event will not happen cancel
44%
something that needs great effort in order to be done successfully challenge
44%
a part of an airport where passengers get on or off an aircraft gate
44%
an object that can fly aeroplane
33%
"at some time in" during
33%
if something isn't on time, it .... is late
33%
being the newest or modern latest
33%
to arrive too late to get on a bus miss
33%
a person who is one of the first people to do something pioneer
33%
another word for "to continue" proceed
33%
something happening in a natural way, without any planning spontaneous
33%
something that someone says officially, giving information about something announcement
22%
when someone or something leaves a place, especially to start a journey to another place departure
22%
a synonym for "enjoyable" pleasant
22%
a statement about what you think will happen in the future prediction
22%
to add new information update
22%
Keine übereinstimmenden Quizze gefunden
Verteilung der Resultate
Anzahl Personen mit jedem Resultat
Perzentil nach korrekt beantworteten Fragen
Ihre Resultats-Entwicklung
Sie haben dieses Quiz noch nicht gespielt